What is death ? : (Record no. 170103)

MARC details
000 -LEADER
fixed length control field 00648nam a22001817a 4500
005 - DATE AND TIME OF LATEST TRANSACTION
control field 20191211111534.0
010 ## - LCCN (DPL NO)
LC control number ENG-127066
020 ## - INTERNATIONAL STANDARD BOOK NUMBER
Terms of availability 200.00
International Standard Book Number 9788193374535
035 ## - SYSTEM CONTROL NUMBER
System control number EN-110598
037 ## - SOURCE OF ACQUISITION
Source of stock number/acquisition DBAD/PUB
082 ## - DEWEY DECIMAL CLASSIFICATION NUMBER
Classification number 155.9
245 ## - TITLE STATEMENT
Title What is death ? :
Statement of responsibility, etc ed.by Alfonso Aguilar, L.C.
Remainder of title a scientific, philosophical and theological exploration of life's end /
260 ## - PUBLICATION, DISTRIBUTION, ETC. (IMPRINT)
Place of publication, distribution, etc Bengalure
Name of publisher, distributor, etc Kristu Jyoti Publications
Date of publication, distribution, etc 2017
270 ## - ADDRESS
Address Bosco Nagar
City Krishnarajapuram, Bengalure
Postal code 560036
Electronic mail address kristujyotipub@yahoo.co.in
Telephone number 09481201282
300 ## - PHYSICAL DESCRIPTION
Extent 276p.
Dimensions 21cm(pbk)
700 ## - ADDED ENTRY--PERSONAL NAME
Personal name Aguilar, Alfonso
942 ## - ADDED ENTRY ELEMENTS (KOHA)
Source of classification or shelving scheme Dewey Decimal Classification
Item type English Books
Classification part 155.9
Call number suffix WHA
Holdings
Withdrawn status Lost status Not for loan Collection code Home library Current library Date acquired Source of acquisition Cost, normal purchase price Full call number Barcode Copy number Cost, replacement price Koha item type
      Non-fiction Bawana Bawana 11/12/2019 DBAD/PUB 200.00 155.9 WHA EN-110598 1 200.00 English Books

© Delhi Public Library
Hit Counter
free hit counter